Ajustes introducidos en los primeros grados de educación primaria (Record no. 62076)

MARC details
000 -CABECERA
campo de control de longitud fija 00589nam a2200217 a 4500
005 - FECHA Y HORA DE LA ÚLTIMA TRANSACCIÓN
campo de control 20210219152844.0
008 - ELEMENTOS DE LONGITUD FIJA--INFORMACIÓN GENERAL
campo de control de longitud fija 991125n 000 0 spa u
035 ## - NÚMERO DE CONTROL DEL SISTEMA
Número de control de sistema UPN01000063336
100 ## - ASIENTO PRINCIPAL--NOMBRE PERSONAL
Nombre de persona SANTANA HENRIQUEZ, Mirta
222 ## - TÍTULO CLAVE
Título clave EDUCACION
245 ## - MENCIÓN DE TÍTULO
Título Ajustes introducidos en los primeros grados de educación primaria
260 ## - PUBLICACIÓN, DISTRIBUCIÓN, ETC.
Lugar de publicación, distribución, etc. Cuba
300 ## - DESCRIPCIÓN FÍSICA
Extensión 56-62
362 ## - FECHAS DE PUBLICACIÓN Y/O DESIGNACIÓN SECUENCIAL
Fecha de publicación y/o designación secuencial 1986 Año 16, no. 61, abr.-jun.
653 0# - TERMINO DE INDIZACION - NO CONTROLADO
Término no controlado CUBA
653 0# - TERMINO DE INDIZACION - NO CONTROLADO
Término no controlado EDUCACION PRIMARIA
653 0# - TERMINO DE INDIZACION - NO CONTROLADO
Término no controlado EVALUACION CURRICULAR
653 0# - TERMINO DE INDIZACION - NO CONTROLADO
Término no controlado REFORMA EDUCATIVA
904 ## - ELEMENTOS DE DATOS D LOCAL, LDD (RLIN)
a AC
b 001147
905 ## - TIPO DE MATERIAL
Tipo de material Articulo

No items available.